000 01351nam a2200373 i 4500
999 _c48708
_d48708
001 48708
003 ES-MaCES
005 20250526142653.0
007 cr |||||||||||
008 161227s2016 sp | 000 | spa d
017 _aNA 1476-2016
_bDL
020 _a9788490991459
040 _aES-MaCES
_bspa
_cES-MaCES
100 1 _919144
_aMoreno Solana, Amanda
245 1 3 _aEl servicio de prevención en la empresa
_b: modalidades de organización de la prevención de riesgos laborales
_cAmanda Moreno Solana
250 _a1ª ed
260 _aValladolid
_bLex Nova Thomson Reuters
_c2016
300 _a515 p.
_c25 cm
500 _aDisponible en formato electrónico mediante la aplicación PROVIEW
500 _aInformes, dictámenes y guías interpretativas: p. 509-515
541 _cCompra
650 4 _aempresa
_928178
650 4 _aorganización de la empresa
_928193
650 4 _aresponsabilidad del empleador
_930146
650 4 _aseguridad en el trabajo
_928348
650 4 _asalud en el trabajo
_928347
650 4 _aderecho del trabajo
_927165
650 4 _aEspaña
_926964
650 4 _arégimen jurídico
_929894
653 1 0 _aDerecho del trabajo y Seguridad Social
856 4 _uhttps://legalteca.aranzadilaley.es/my-library?sponsor=82111144-IP
_yLegalteca
902 _aLIB Libro
942 _2CES
_cBK
_h6.0.1.